000 00504nam a22001697a 4500
005 20260223055022.0
008 260223b |||||||| |||| 00| 0 eng d
020 _a9814410012
040 _cjhcsc
082 _27
_a005.74
100 _910173
_aPhilio J. Pratt | Joseph J. Adamski
_eAuthor
245 _aConcepts of Database Management
_cPhilio J. Pratt | Joseph J. Adamski
250 _aSeventh Edition
260 _aSingapore
_bCENGAGE Learning
_cc2012
300 _axv,415 p
_bill.
942 _2ddc
_cBOOK
999 _c11361
_d11361